[Event "Uxbridge Int Alekhine"]
[Site "Denham Grove"]
[Date "2010.02.13"]
[Round "1"]
[White "Byron, Alan M"]
[Black "Brown, Martin"]
[Result "1/2-1/2"]
[WhiteElo "2196"]
[BlackElo "2071"]
[PlyCount "33"]
[EventDate "2010.02.13"]
[EventType "tourn"]
[EventRounds "9"]
[EventCountry "ENG"]
[EventCategory "2"]

1. e4 e6 2. d4 d5 3. Nc3 Nf6 4. Bg5 Bb4 5. exd5 Qxd5 6. Bxf6 Bxc3+ 7. bxc3 gxf6
8. Qf3 Qxf3 9. Nxf3 b6 10. Bb5+ Bd7 11. a4 Nc6 12. O-O O-O-O 13. a5 Nxa5 14.
Rxa5 bxa5 15. Ba6+ Kb8 16. Rb1+ Ka8 17. Bb7+ 1/2-1/2

[Event "Uxbridge Int Alekhine"]
[Site "Denham Grove"]
[Date "2010.02.13"]
[Round "1"]
[White "Rudd, Jack"]
[Black "Poobalasingam, Peter S"]
[Result "0-1"]
[WhiteElo "2286"]
[BlackElo "2341"]
[PlyCount "48"]
[EventDate "2010.02.13"]
[EventType "tourn"]
[EventRounds "9"]
[EventCountry "ENG"]
[EventCategory "2"]

1. e4 c5 2. Nf3 d6 3. d4 cxd4 4. Nxd4 Nf6 5. Nc3 Nc6 6. Bc4 e6 7. Be3 a6 8. Qe2
Qc7 9. O-O-O Na5 10. Bd3 b5 11. a3 Bb7 12. f4 Rc8 13. g4 d5 14. e5 Ne4 15. Bxe4
dxe4 16. f5 Bxa3 17. Ncxb5 axb5 18. Qxb5+ Bc6 19. Nxc6 Bxb2+ 20. Qxb2 Qxc6 21.
Rd6 Qa4 22. fxe6 O-O 23. e7 Rfe8 24. Rhd1 Nc4 0-1

[Event "Uxbridge Int Alekhine"]
[Site "Denham Grove"]
[Date "2010.02.13"]
[Round "1"]
[White "Seyfried, Claus"]
[Black "Richter, Hans"]
[Result "0-1"]
[WhiteElo "2067"]
[BlackElo "2165"]
[PlyCount "51"]
[EventDate "2010.02.13"]
[EventType "tourn"]
[EventRounds "9"]
[EventCountry "ENG"]
[EventCategory "2"]

1. e4 c5 2. Nf3 e6 3. d4 cxd4 4. Nxd4 a6 5. c4 Nf6 6. Nc3 Bb4 7. Bd3 Nc6 8.
Nxc6 dxc6 9. O-O e5 10. Bg5 O-O 11. Kh1 h6 12. Bh4 Be7 13. Qe2 Bg4 14. f3 Be6
15. g4 Nd7 16. Bg3 Bh4 17. b4 Qe7 18. Rab1 Rfd8 19. f4 exf4 20. Bxf4 Bf6 21. e5
Nxe5 22. Bxe5 Bxe5 23. Qe4 g6 24. Ne2 Bc7 25. g5 Qd6 26. Qh4 0-1

[Event "Uxbridge Int Alekhine"]
[Site "Denham Grove"]
[Date "2010.02.13"]
[Round "1"]
[White "Tiruchirapalli, Venkataram"]
[Black "Tissir, Mohamed"]
[Result "0-1"]
[WhiteElo "2302"]
[BlackElo "2483"]
[PlyCount "136"]
[EventDate "2010.02.13"]
[EventType "tourn"]
[EventRounds "9"]
[EventCountry "ENG"]
[EventCategory "2"]

1. e4 e6 2. d4 c5 3. c3 d5 4. exd5 exd5 5. Nf3 Nf6 6. Be2 Be7 7. O-O O-O 8.
dxc5 Bxc5 9. Nbd2 Nc6 10. Nb3 Bb6 11. Bg5 Re8 12. Nbd4 h6 13. Bh4 Bg4 14. Re1
Re4 15. Bg3 Bxd4 16. Nxd4 Nxd4 17. cxd4 Bxe2 18. Rxe2 Rxe2 19. Qxe2 Qb6 20. Be5
Re8 21. Rd1 Nd7 22. h3 f6 23. Qh5 Qe6 24. Bf4 Kh7 25. Rd3 Qe4 26. Rg3 Re7 27.
Bd6 Qb1+ 28. Kh2 Re1 29. Rg4 Rh1+ 30. Kg3 Qd3+ 31. f3 Qb1 32. Bb4 Nf8 33. Qxd5
Ng6 34. Re4 Qg1 35. Rg4 Qb1 36. Qe4 f5 37. Qxb1 Rxb1 38. Rxg6 Kxg6 39. Bc3 Rg1
40. Kf2 Ra1 41. a3 Kf7 42. Ke3 g6 43. d5 Rd1 44. Bd4 a6 45. g4 Rh1 46. gxf5
gxf5 47. Kf4 Rxh3 48. Be5 Rh5 49. b3 b5 50. Bc7 Ke7 51. Ke5 Kd7 52. Bb8 Rh3 53.
Kf4 h5 54. Be5 h4 55. a4 bxa4 56. bxa4 Rg3 57. Bf6 Rh3 58. Be5 Ke7 59. a5 Rg3
60. Kxf5 Rxf3+ 61. Kg4 Re3 62. Bf4 Re4 63. Kf3 Ra4 64. Bc7 Kd7 65. d6 Rb4 66.
Kg2 Rb3 67. Kh2 Rd3 68. Kg2 Rxd6 0-1

[Event "Uxbridge Int Alekhine"]
[Site "Denham Grove"]
[Date "2010.02.14"]
[Round "2"]
[White "Brown, Martin"]
[Black "Shoker, Samy"]
[Result "0-1"]
[WhiteElo "2071"]
[BlackElo "2485"]
[PlyCount "84"]
[EventDate "2010.02.13"]
[EventType "tourn"]
[EventRounds "9"]
[EventCountry "ENG"]
[EventCategory "2"]

1. e4 d6 2. d4 Nf6 3. f3 c6 4. c4 Nbd7 5. Nc3 a6 6. a4 a5 7. Be3 g6 8. Nge2 Bg7
9. Qd2 O-O 10. g4 e5 11. d5 Nc5 12. Ra3 h5 13. h3 Bd7 14. Bg5 Qb6 15. Ng3 Nh7
16. Be7 Rfe8 17. Bxd6 Nb3 18. Qf2 c5 19. Nb5 Nd4 20. Bc7 Qf6 21. Nxd4 exd4 22.
Ne2 d3 23. Ng1 Qg5 24. Rxd3 Bxa4 25. Ne2 Bxb2 26. Bg2 b5 27. Qxc5 bxc4 28. Qxc4
Bd7 29. O-O hxg4 30. hxg4 a4 31. Bf4 Qf6 32. Bc1 a3 33. Qa2 Rec8 34. Rd2 Qb6+
35. Kh1 Qb4 36. Rd3 Bb5 37. Rb3 Qc4 38. Re1 Qxe2 39. Rxe2 Rxc1+ 40. Kh2 Be5+
41. Kh3 Ng5+ 42. Kh4 Kg7 0-1

[Event "Uxbridge Int Alekhine"]
[Site "Denham Grove"]
[Date "2010.02.14"]
[Round "2"]
[White "Byron, Alan M"]
[Black "Seyfried, Claus"]
[Result "1/2-1/2"]
[WhiteElo "2196"]
[BlackElo "2067"]
[PlyCount "116"]
[EventDate "2010.02.13"]
[EventType "tourn"]
[EventRounds "9"]
[EventCountry "ENG"]
[EventCategory "2"]

1. e4 e5 2. Nf3 Nc6 3. Bb5 a6 4. Ba4 Nf6 5. O-O Be7 6. Re1 b5 7. Bb3 O-O 8. a4
Bb7 9. d3 d6 10. c3 Na5 11. Bc2 c5 12. Nbd2 Re8 13. Nf1 Bf8 14. Ng3 d5 15. Qe2
g6 16. Bg5 b4 17. Bb1 b3 18. h3 h6 19. Be3 d4 20. Bd2 Rb8 21. c4 Nc6 22. Ra3
Bc8 23. Qd1 Re7 24. Ne2 Reb7 25. Nc1 Nd7 26. Rxb3 Rxb3 27. Nxb3 Qb6 28. Bc2 Nb4
29. Bxb4 Qxb4 30. Qd2 Qxa4 31. Nxc5 Qc6 32. Nxd7 Qxd7 33. Rb1 Qd6 34. b4 Rxb4
35. Rxb4 Qxb4 36. Qxb4 Bxb4 37. Nxe5 Kf8 38. Ba4 Bc5 39. Kf1 Ke7 40. Ke2 Ke6
41. Nf3 Bb7 42. Nd2 f5 43. f3 fxe4 44. fxe4 Bc8 45. Bc6 Kd6 46. Be8 g5 47. Ba4
Ke7 48. Nb3 Ba7 49. Bc6 Kd6 50. Be8 Ke5 51. Kf3 Be6 52. Na5 Bc5 53. Nb3 Bb6 54.
Bc6 Kd6 55. Bd5 Bd7 56. Bf7 Ba4 57. Nc1 Ba5 58. Ke2 Bc2 1/2-1/2

[Event "Uxbridge Int Alekhine"]
[Site "Denham Grove"]
[Date "2010.02.14"]
[Round "2"]
[White "Richter, Hans"]
[Black "Tiruchirapalli, Venkataram"]
[Result "1-0"]
[WhiteElo "2165"]
[BlackElo "2302"]
[PlyCount "83"]
[EventDate "2010.02.13"]
[EventType "tourn"]
[EventRounds "9"]
[EventCountry "ENG"]
[EventCategory "2"]

1. d4 Nf6 2. c4 e6 3. Nc3 d5 4. cxd5 exd5 5. Bg5 Be7 6. e3 O-O 7. Bd3 h6 8. Bh4
c5 9. dxc5 Nbd7 10. Rc1 Nxc5 11. Bb1 Be6 12. Nge2 Nfe4 13. Bxe7 Qxe7 14. O-O
Rfd8 15. Qd4 Rac8 16. Nf4 Qg5 17. b4 Nxc3 18. Rxc3 Na4 19. Rxc8 Rxc8 20. Qxa7
Nc3 21. Qxb7 Rd8 22. Nxe6 fxe6 23. Qc6 Qe5 24. b5 d4 25. exd4 Ne2+ 26. Kh1 Nxd4
27. Qc3 Qxb5 28. Qd3 Qb2 29. Qh7+ Kf7 30. Qg6+ Kf8 31. Qg4 Rc8 32. g3 Ne2 33.
Qxe6 Rc1 34. Qf5+ Kg8 35. Rxc1 Qxc1+ 36. Kg2 Qg1+ 37. Kh3 Qf1+ 38. Kh4 Ng1 39.
Qe6+ Kf8 40. Bg6 Nf3+ 41. Kh5 Qb5+ 42. Qf5+ 1-0

[Event "Uxbridge Int Alekhine"]
[Site "Denham Grove"]
[Date "2010.02.14"]
[Round "2"]
[White "Tissir, Mohamed"]
[Black "Rudd, Jack"]
[Result "1/2-1/2"]
[WhiteElo "2483"]
[BlackElo "2286"]
[PlyCount "118"]
[EventDate "2010.02.13"]
[EventType "tourn"]
[EventRounds "9"]
[EventCountry "ENG"]
[EventCategory "2"]

1. e4 d6 2. d4 g6 3. Nf3 Bg7 4. Bc4 e6 5. Bb3 Nd7 6. O-O Ne7 7. Re1 b6 8. Bg5
h6 9. Bh4 Bb7 10. c3 g5 11. Bg3 Ng6 12. h3 Nf6 13. Ba4+ Kf8 14. Nbd2 Nh5 15.
Ne5 Ngf4 16. Nc6 Qe8 17. Nb4 b5 18. Bc2 c5 19. Bxf4 Nxf4 20. Nd3 cxd4 21. cxd4
Nxd3 22. Bxd3 Bxd4 23. Nf3 Bc5 24. Qe2 a6 25. b4 Bb6 26. Rad1 Qe7 27. Qb2 e5
28. Qd2 Qf6 29. Bc2 Ke7 30. Nh2 h5 31. Nf1 Rac8 32. Re2 g4 33. Ng3 Rhd8 34.
Nxh5 Qg6 35. Ng3 gxh3 36. Nf5+ Kf8 37. g3 d5 38. Qh6+ Qxh6 39. Nxh6 d4 40. Bd3
Bc7 41. Kh2 Bd6 42. Rb2 Rc3 43. Kxh3 Rxd3 44. Rxd3 Bxe4 45. Ra3 Kg7 46. f3 Bg6
47. Ng4 e4 48. fxe4 Bxe4 49. Nf2 Bd5 50. Kh2 Rh8+ 51. Kg1 a5 52. Rxa5 Bxg3 53.
Rd2 Rh4 54. a4 Bf4 55. Rxb5 Bxd2 56. Rxd5 Bxb4 57. Kg2 Bc3 58. a5 Rh6 59. Ne4
Ra6 1/2-1/2

[Event "Uxbridge Int Alekhine"]
[Site "Denham Grove"]
[Date "2010.02.14"]
[Round "3"]
[White "Rudd, Jack"]
[Black "Richter, Hans"]
[Result "1-0"]
[WhiteElo "2286"]
[BlackElo "2165"]
[PlyCount "69"]
[EventDate "2010.02.13"]
[EventType "tourn"]
[EventRounds "9"]
[EventCountry "ENG"]
[EventCategory "2"]

1. d4 d5 2. c4 c6 3. Nf3 Nf6 4. Nc3 e6 5. Bg5 h6 6. Bxf6 Qxf6 7. e3 Nd7 8. Bd3
dxc4 9. Bxc4 g6 10. O-O Bg7 11. b4 O-O 12. b5 c5 13. Rc1 cxd4 14. exd4 Nb6 15.
Bb3 Rd8 16. Qe2 Nd5 17. Ne4 Qe7 18. Ne5 Bd7 19. Nc5 Be8 20. f4 Rac8 21. a4 b6
22. Ncd3 Rxc1 23. Rxc1 Bxe5 24. fxe5 Qg5 25. Bxd5 Rxd5 26. Qf2 Qg4 27. Nf4 Rd8
28. h3 Qf5 29. Qe3 Kg7 30. g4 Qg5 31. Rc7 Rd7 32. Rc8 Qe7 33. Qe4 Qb4 34. Rxe8
Rxd4 35. Nxe6+ 1-0

[Event "Uxbridge Int Alekhine"]
[Site "Denham Grove"]
[Date "2010.02.14"]
[Round "3"]
[White "Seyfried, Claus"]
[Black "Brown, Martin"]
[Result "1-0"]
[WhiteElo "2067"]
[BlackElo "2071"]
[PlyCount "70"]
[EventDate "2010.02.13"]
[EventType "tourn"]
[EventRounds "9"]
[EventCountry "ENG"]
[EventCategory "2"]

1. e4 e6 2. d4 d5 3. Nd2 Nf6 4. e5 Nfd7 5. Bd3 c5 6. c3 Nc6 7. Ne2 cxd4 8. cxd4
f6 9. exf6 Nxf6 10. Nf3 Bd6 11. O-O O-O 12. Bf4 Bxf4 13. Nxf4 Ne4 14. Qc1 Qd6
15. Ne2 e5 16. dxe5 Nxe5 17. Nxe5 Qxe5 18. Qe3 Qxb2 19. f3 Nd6 20. Nc3 Nf5 21.
Qc5 d4 22. Bc4+ Rf7 23. Qc7 Be6 24. Bxe6 Ne3 25. Qxf7+ Kh8 26. Bh3 Nxf1 27.
Rxf1 dxc3 28. Re1 Qb6+ 29. Kh1 Qd8 30. Bd7 c2 31. Be8 Qd6 32. Ba4 Rf8 33. Qd7
Qxd7 34. Bxd7 b5 35. Bxb5 Rb8 {Time} 1-0

[Event "Uxbridge Int Alekhine"]
[Site "Denham Grove"]
[Date "2010.02.14"]
[Round "3"]
[White "Shoker, Samy"]
[Black "Poobalasingam, Peter S"]
[Result "0-1"]
[WhiteElo "2485"]
[BlackElo "2341"]
[PlyCount "88"]
[EventDate "2010.02.13"]
[EventType "tourn"]
[EventRounds "9"]
[EventCountry "ENG"]
[EventCategory "2"]

1. g3 g6 2. Bg2 Bg7 3. Nf3 Nf6 4. O-O O-O 5. d3 d5 6. Nbd2 c5 7. e4 dxe4 8.
dxe4 Nc6 9. Re1 b6 10. c3 Bb7 11. e5 Nd5 12. Qa4 Qc7 13. e6 f6 14. h4 f5 15.
Nf1 f4 16. g4 Ne5 17. N1h2 Nd3 18. Rd1 c4 19. Bf1 Ne3 20. Bxd3 Nxd1 21. Bxc4
Qc5 22. Qxd1 Qxc4 23. Bd2 Rad8 24. Qf1 Qxe6 25. Re1 Qd7 26. g5 e5 27. Bc1 Qd3
28. Nd2 Qxf1+ 29. Kxf1 Rd3 30. f3 Rfd8 31. Re2 Ba6 32. Ke1 R3d5 33. Re4 Bd3 34.
Ra4 a5 35. Ng4 Kf7 36. Nf2 Bf8 37. Nxd3 Rxd3 38. Re4 Bc5 39. Ke2 Re3+ 40. Rxe3
Bxe3 41. a4 Ke6 42. Nb3 Bxc1 43. Nxc1 Kf5 44. Nd3 e4 0-1

[Event "Uxbridge Int Alekhine"]
[Site "Denham Grove"]
[Date "2010.02.14"]
[Round "3"]
[White "Tiruchirapalli, Venkataram"]
[Black "Byron, Alan M"]
[Result "1-0"]
[WhiteElo "2302"]
[BlackElo "2196"]
[PlyCount "67"]
[EventDate "2010.02.13"]
[EventType "tourn"]
[EventRounds "9"]
[EventCountry "ENG"]
[EventCategory "2"]

1. e4 c5 2. c3 d6 3. d4 Nd7 4. Nf3 e6 5. Bd3 Be7 6. O-O h6 7. Re1 g5 8. e5 d5
9. Nfd2 c4 10. Bc2 a6 11. Qh5 Kf8 12. Nf1 f5 13. exf6 Ndxf6 14. Qe2 Bd7 15. Ng3
Qe8 16. Nd2 g4 17. Ndf1 Bd6 18. Qd1 Qf7 19. Ne2 Nh5 20. Nfg3 Ngf6 21. Nxh5 Nxh5
22. Ng3 Nf6 23. Be3 h5 24. Qd2 h4 25. Bh6+ Ke8 26. Nf5 Bf8 27. Bxf8 Kxf8 28.
Nd6 Qg7 29. Nxb7 Rb8 30. Nc5 Rxb2 31. Rxe6 Kf7 32. Rxf6+ Qxf6 33. Nxd7 Qh6 34.
Bg6+ 1-0

[Event "Uxbridge Int Alekhine"]
[Site "Denham Grove"]
[Date "2010.02.15"]
[Round "4"]
[White "Richter, Hans"]
[Black "Gormally, Daniel W"]
[Result "0-1"]
[WhiteElo "2165"]
[BlackElo "2479"]
[PlyCount "68"]
[EventDate "2010.02.13"]
[EventType "tourn"]
[EventRounds "9"]
[EventCountry "ENG"]
[EventCategory "2"]

1. d4 Nf6 2. c4 e6 3. Nc3 Bb4 4. Qc2 c5 5. dxc5 Qa5 6. Bd2 Na6 7. a3 Nxc5 8.
Rc1 Bxc3 9. Bxc3 Qa4 10. b4 Qxc2 11. Rxc2 Na4 12. Bxf6 gxf6 13. e3 d6 14. Bd3
Bd7 15. Ne2 Ke7 16. O-O Rhc8 17. Rfc1 a5 18. Nd4 axb4 19. axb4 Nb6 20. Kf1 f5
21. h3 Kf6 22. c5 Nd5 23. Rb2 Nxb4 24. Rxb4 dxc5 25. Rxb7 cxd4 26. Rcc7 Ra1+
27. Ke2 Ra2+ 28. Ke1 dxe3 29. fxe3 Rxg2 30. Bf1 Rb2 31. Be2 Rxb7 32. Rxb7 Bc6
33. Ra7 Bd5 34. Bh5 e5 0-1

[Event "Uxbridge Int Alekhine"]
[Site "Denham Grove"]
[Date "2010.02.15"]
[Round "4"]
[White "Seyfried, Claus"]
[Black "Tiruchirapalli, Venkataram"]
[Result "0-1"]
[WhiteElo "2067"]
[BlackElo "2302"]
[PlyCount "74"]
[EventDate "2010.02.13"]
[EventType "tourn"]
[EventRounds "9"]
[EventCountry "ENG"]
[EventCategory "2"]

1. e4 e5 2. f4 d5 3. exd5 exf4 4. Nf3 Nf6 5. Bc4 Nxd5 6. O-O Be6 7. Bb3 Be7 8.
c4 Nb6 9. d4 Nxc4 10. Re1 Nb6 11. Bxe6 fxe6 12. Qe2 Nc6 13. Qxe6 Rf8 14. Nc3
Qd7 15. Qe4 O-O-O 16. Bxf4 Nxd4 17. Nxd4 Bc5 18. Rad1 Bxd4+ 19. Be3 Bxe3+ 20.
Qxe3 Qf5 21. a4 Rxd1 22. Rxd1 Kb8 23. Nb5 Nc8 24. h3 a6 25. Nd4 Qf4 26. Qb3 Nd6
27. Ne6 Qf2+ 28. Kh2 Re8 29. Qd5 Qf5 30. Qxf5 Nxf5 31. Nf4 Re4 32. Rd8+ Ka7 33.
Nd5 Rd4 34. Rd7 c6 35. g4 Rxd5 36. Rxd5 cxd5 37. gxf5 Kb6 0-1

[Event "Uxbridge Int Alekhine"]
[Site "Denham Grove"]
[Date "2010.02.15"]
[Round "5"]
[White "Poobalasingam, Peter S"]
[Black "Tissir, Mohamed"]
[Result "1/2-1/2"]
[WhiteElo "2341"]
[BlackElo "2483"]
[PlyCount "97"]
[EventDate "2010.02.13"]
[EventType "tourn"]
[EventRounds "9"]
[EventCountry "ENG"]
[EventCategory "2"]

1. d4 e6 2. e4 c5 3. c3 d5 4. exd5 exd5 5. Nf3 Nc6 6. Be2 Nf6 7. O-O Be7 8.
dxc5 Bxc5 9. Nbd2 h6 10. Nb3 Bb6 11. Nfd4 O-O 12. Bf3 Re8 13. a4 Ne5 14. Bf4 a6
15. Re1 Nc4 16. Re2 Bd7 17. h3 Rxe2 18. Qxe2 Bc7 19. Bxc7 Qxc7 20. Qc2 Re8 21.
Nd2 Nd6 22. Nf1 Nde4 23. Ne3 Qf4 24. g3 Qe5 25. Ng4 Nxg4 26. hxg4 Ng5 27. Be2
Ne4 28. Kg2 Nf6 29. f3 h5 30. f4 Qe3 31. gxh5 Ne4 32. Bf3 Bg4 33. Qe2 Bxf3+ 34.
Qxf3 Qd2+ 35. Qe2 Qxe2+ 36. Nxe2 Nf6 37. Kf3 Nxh5 38. g4 Nf6 39. g5 Ne4 40. Rd1
Nc5 41. a5 Rd8 42. Nd4 g6 43. b4 Ne4 44. Ne2 Rc8 45. Rd3 Kf8 46. Ke3 Ke7 47.
Rxd5 Nxc3 48. Nxc3 Rxc3+ 49. Kd4 1/2-1/2

[Event "Uxbridge Int Alekhine"]
[Site "Denham Grove"]
[Date "2010.02.15"]
[Round "5"]
[White "Rudd, Jack"]
[Black "Seyfried, Claus"]
[Result "1/2-1/2"]
[WhiteElo "2286"]
[BlackElo "2067"]
[PlyCount "113"]
[EventDate "2010.02.13"]
[EventType "tourn"]
[EventRounds "9"]
[EventCountry "ENG"]
[EventCategory "2"]

1. e4 e5 2. d4 exd4 3. Qxd4 Nc6 4. Qe3 Nf6 5. Nc3 Bb4 6. Bd2 O-O 7. O-O-O Re8
8. Qg3 Rxe4 9. a3 Rg4 10. Qe3 Ba5 11. f3 Rd4 12. Nge2 Nd5 13. Nxd5 Rxd5 14. Nc3
Re5 15. Qf2 d5 16. Bd3 d4 17. Bf4 Bxc3 18. bxc3 Qe7 19. Bxe5 Qxa3+ 20. Kd2 Nxe5
21. Qxd4 Nc6 22. Qe4 g6 23. Qe8+ Qf8 24. Rhe1 Be6 25. Qxf8+ Kxf8 26. Be4 Na5
27. Ke2 Re8 28. Kf2 b6 29. Kg3 Nc4 30. Bc6 Re7 31. Rd8+ Kg7 32. Kf4 Kf6 33. h4
h6 34. g4 g5+ 35. Kg3 Ne5 36. hxg5+ hxg5 37. Be4 Ng6 38. Bxg6 Kxg6 39. Rg8+ Kf6
40. f4 gxf4+ 41. Kxf4 Rd7 42. g5+ Ke7 43. g6 fxg6 44. Rxg6 Rd6 45. Rh1 Rd2 46.
Re1 Rf2+ 47. Ke3 Rf5 48. Kd2 Rf6 49. Rxf6 Kxf6 50. Rh1 Ke5 51. Rh8 a5 52. Rd8
a4 53. Kc1 a3 54. Ra8 a2 55. Kb2 Kd6 56. Ra4 b5 57. Ra6+ 1/2-1/2

[Event "Uxbridge Int Alekhine"]
[Site "Denham Grove"]
[Date "2010.02.15"]
[Round "5"]
[White "Tiruchirapalli, Venkataram"]
[Black "Brown, Martin"]
[Result "1-0"]
[WhiteElo "2302"]
[BlackElo "2071"]
[PlyCount "95"]
[EventDate "2010.02.13"]
[EventType "tourn"]
[EventRounds "9"]
[EventCountry "ENG"]
[EventCategory "2"]

1. e4 e6 2. d4 d5 3. Nd2 Nf6 4. e5 Nfd7 5. Bd3 c5 6. c3 Nc6 7. Ne2 cxd4 8. cxd4
f6 9. exf6 Nxf6 10. Nf3 Bd6 11. O-O O-O 12. Bg5 Qc7 13. Bh4 Nh5 14. Qc2 h6 15.
Bh7+ Kh8 16. Bg6 Nf4 17. Nxf4 Bxf4 18. Bg3 Qd8 19. Rad1 Bd7 20. Qe2 Bxg3 21.
hxg3 Qf6 22. Bb1 Be8 23. Qd3 g6 24. Rfe1 Kg7 25. Re2 Bf7 26. Rde1 Rac8 27. a3
a6 28. b4 Rfe8 29. Re3 Rc7 30. Qd2 Qe7 31. Bc2 Qd6 32. Ba4 b5 33. Bc2 Rce7 34.
Bb1 Kh7 35. Qc3 Rc7 36. Qd3 Rce7 37. Rc1 e5 38. Rxc6 Qxc6 39. Nxe5 Qf6 40. Rf3
Qg7 41. Qc3 Rxe5 42. dxe5 d4 43. Qc7 Bd5 44. Bxg6+ Kxg6 45. Qc2+ Kh5 46. Qf5+
Qg5 47. g4+ Kh4 48. Rh3# 1-0

[Event "Uxbridge Int Alekhine"]
[Site "Denham Grove"]
[Date "2010.02.16"]
[Round "6"]
[White "Brown, Martin"]
[Black "Tissir, Mohamed"]
[Result "1/2-1/2"]
[WhiteElo "2071"]
[BlackElo "2483"]
[PlyCount "69"]
[EventDate "2010.02.13"]
[EventType "tourn"]
[EventRounds "9"]
[EventCountry "ENG"]
[EventCategory "2"]

1. e4 c5 2. Nf3 d6 3. d4 cxd4 4. Nxd4 Nf6 5. Nc3 a6 6. Be2 g6 7. Bg5 Bg7 8. Qd2
Nc6 9. Nb3 b5 10. Bh6 Bxh6 11. Qxh6 Be6 12. Rd1 Qb6 13. O-O Rc8 14. Nd5 Bxd5
15. exd5 Ne5 16. Nd4 Rc5 17. c3 Rxd5 18. Rfe1 g5 19. h4 Rg8 20. hxg5 Neg4 21.
Bxg4 Nxg4 22. Qh4 Ne5 23. Qe4 e6 24. f4 Kf8 25. Kh1 Ng4 26. Qe2 h5 27. Nxe6+
fxe6 28. Qxe6 Kg7 29. Rxd5 Qf2 30. Rd3 Qh4+ 31. Rh3 Nf2+ 32. Kg1 Nxh3+ 33. gxh3
Qg3+ 34. Kh1 Qf3+ 35. Kg1 1/2-1/2

[Event "Uxbridge Int Alekhine"]
[Site "Denham Grove"]
[Date "2010.02.16"]
[Round "6"]
[White "Byron, Alan M"]
[Black "Shoker, Samy"]
[Result "1-0"]
[WhiteElo "2196"]
[BlackElo "2485"]
[PlyCount "155"]
[EventDate "2010.02.13"]
[EventType "tourn"]
[EventRounds "9"]
[EventCountry "ENG"]
[EventCategory "2"]

1. e4 d6 2. Nf3 Nf6 3. Nc3 g6 4. d4 c6 5. a4 Bg7 6. h3 O-O 7. Be3 Qc7 8. Be2
Nbd7 9. O-O b6 10. Qd2 Bb7 11. Bh6 a6 12. Bxg7 Kxg7 13. Qe3 e5 14. dxe5 dxe5
15. Rfd1 b5 16. Nh2 b4 17. Nb1 a5 18. Nd2 Rfd8 19. Ng4 Nxg4 20. hxg4 Nf8 21.
Bc4 Bc8 22. g5 Qe7 23. Qg3 Qc5 24. Bd3 Ne6 25. Nb3 Qd6 26. Be2 Qc7 27. Rxd8
Nxd8 28. Bc4 Be6 29. Nd2 Ra7 30. Re1 Qd6 31. Bd3 Re7 32. Re3 Kg8 33. Rf3 Rd7
34. b3 Nb7 35. Rf6 Qc7 36. Nf3 Nc5 37. Nxe5 Re7 38. Qf4 Kg7 39. Bc4 Bxc4 40.
Nxc4 Qxf4 41. Rxf4 Ne6 42. Rg4 Rd7 43. Nxa5 Rd1+ 44. Kh2 c5 45. Nc4 Nd4 46. Ne3
Rd2 47. Rf4 Ne6 48. Rf6 Nxg5 49. Rc6 Nxe4 50. f3 Ng5 51. Rxc5 Nxf3+ 52. Kg3 Nd4
53. a5 Re2 54. Nd5 Ne6 55. Rc8 Re5 56. a6 Rxd5 57. a7 Nc7 58. Rxc7 Ra5 59. Kf3
h5 60. Ke3 g5 61. Kd3 h4 62. Kc4 g4 63. Kxb4 Ra2 64. Rc5 Rxa7 65. Rg5+ Kh6 66.
Rxg4 Kh5 67. Rg8 Rb7+ 68. Ka3 Ra7+ 69. Kb2 f5 70. c4 f4 71. c5 Re7 72. Kc3 Re3+
73. Kc4 Rg3 74. Rh8+ Kg4 75. c6 Rxg2 76. Rg8+ Kf3 77. Rxg2 Kxg2 78. c7 1-0

[Event "Uxbridge Int Alekhine"]
[Site "Denham Grove"]
[Date "2010.02.16"]
[Round "6"]
[White "Tiruchirapalli, Venkataram"]
[Black "Rudd, Jack"]
[Result "0-1"]
[WhiteElo "2302"]
[BlackElo "2286"]
[PlyCount "72"]
[EventDate "2010.02.13"]
[EventType "tourn"]
[EventRounds "9"]
[EventCountry "ENG"]
[EventCategory "2"]

1. e4 e5 2. Nf3 Nc6 3. Bc4 Nf6 4. d4 exd4 5. O-O Bc5 6. e5 d5 7. exf6 dxc4 8.
fxg7 Rg8 9. Re1+ Be6 10. Ng5 Qd5 11. Nc3 Qf5 12. Nce4 Be7 13. Qh5 O-O-O 14. Ng3
Qxc2 15. Nxf7 Bxf7 16. Qxf7 d3 17. Ne4 a6 18. Bh6 b5 19. a4 Kb7 20. axb5 axb5
21. Bf4 Qxb2 22. Nc5+ Kb6 23. Na4+ bxa4 24. Rab1 c3 25. Qc4 Bb4 26. Rxb2 cxb2
27. Be3+ Ka5 28. Rb1 a3 29. Bd2 Bxd2 30. Qc5+ Ka4 31. Qxc6+ Kb3 32. Rd1 Bb4 33.
Qe6+ Kc2 34. Qg4 a2 35. Qxb4 b1=Q 36. Qa4+ Qb3 0-1

[Event "Uxbridge Int Alekhine"]
[Site "Denham Grove"]
[Date "2010.02.16"]
[Round "7"]
[White "Gormally, Daniel W"]
[Black "Tiruchirapalli, Venkataram"]
[Result "1-0"]
[WhiteElo "2479"]
[BlackElo "2302"]
[PlyCount "69"]
[EventDate "2010.02.13"]
[EventType "tourn"]
[EventRounds "9"]
[EventCountry "ENG"]
[EventCategory "2"]

1. d4 d5 2. c4 e6 3. Nc3 Nf6 4. cxd5 exd5 5. Bg5 Be7 6. e3 O-O 7. Bd3 h6 8. Bh4
c5 9. dxc5 Nbd7 10. Nge2 Nxc5 11. O-O Be6 12. Nd4 Qb6 13. Rb1 g5 14. Bg3 Nfe4
15. Bc2 Bf6 16. Nce2 Rad8 17. f3 Nxg3 18. Nxg3 Rfe8 19. Nh5 Bh8 20. b4 Nd7 21.
f4 Bg4 22. Qxg4 Rxe3 23. Kh1 Qxd4 24. Rbd1 Qb6 25. fxg5 Ne5 26. Qf5 Qg6 27.
Rxd5 Re8 28. Qf4 Qe6 29. Qxe3 Qxd5 30. g6 Qb5 31. gxf7+ Nxf7 32. Qg3+ Qg5 33.
Bb3 Rf8 34. Bxf7+ Rxf7 35. Qb8+ 1-0

[Event "Uxbridge Int Alekhine"]
[Site "Denham Grove"]
[Date "2010.02.16"]
[Round "7"]
[White "Rudd, Jack"]
[Black "Brown, Martin"]
[Result "0-1"]
[WhiteElo "2286"]
[BlackElo "2071"]
[PlyCount "80"]
[EventDate "2010.02.13"]
[EventType "tourn"]
[EventRounds "9"]
[EventCountry "ENG"]
[EventCategory "2"]

1. e4 e6 2. d4 d5 3. Nd2 Nf6 4. e5 Nfd7 5. f4 c5 6. c3 Nc6 7. Ndf3 Qb6 8. a3 a5
9. b3 Be7 10. Ra2 cxd4 11. cxd4 Ndb8 12. Bd3 Bd7 13. Ne2 f5 14. exf6 gxf6 15.
f5 e5 16. Nc3 Nxd4 17. Nxd5 Qc5 18. Nxe7 Nxf3+ 19. gxf3 Kxe7 20. Rc2 Qb6 21.
Rg2 h5 22. Rhg1 Nc6 23. Rg7+ Kd8 24. Bb5 Qd4 25. Qxd4 exd4 26. Bf4 Re8+ 27. Kd2
Ne7 28. Bxd7 Kxd7 29. Re1 Rac8 30. Re4 Rc6 31. Rh7 h4 32. Kd3 Rc3+ 33. Kxd4
Rxb3 34. Re6 Kd8 35. Rxf6 Rxf3 36. Bg5 Kc8 37. Rff7 Nc6+ 38. Kc4 Re4+ 39. Kd5
Re5+ 40. Kc4 b5# 0-1

[Event "Uxbridge Int Alekhine"]
[Site "Denham Grove"]
[Date "2010.02.16"]
[Round "7"]
[White "Tissir, Mohamed"]
[Black "Richter, Hans"]
[Result "1/2-1/2"]
[WhiteElo "2483"]
[BlackElo "2165"]
[PlyCount "61"]
[EventDate "2010.02.13"]
[EventType "tourn"]
[EventRounds "9"]
[EventCountry "ENG"]
[EventCategory "2"]

1. d4 d5 2. c4 c6 3. Nf3 Nf6 4. e3 Bf5 5. Bd3 Bxd3 6. Qxd3 e6 7. Nc3 Bb4 8. O-O
Nbd7 9. Bd2 a5 10. a3 Be7 11. e4 Nc5 12. dxc5 dxe4 13. Qxd8+ Rxd8 14. Nxe4 Nxe4
15. Bxa5 Ra8 16. Rfe1 Nxc5 17. Bc3 O-O 18. Bb4 Rfd8 19. Rad1 Kf8 20. Ne5 Na4
21. b3 Bxb4 22. axb4 Rxd1 23. Rxd1 Nc3 24. Re1 Ra3 25. g4 Rxb3 26. Re3 Rb1+ 27.
Kg2 Na2 28. g5 f6 29. gxf6 gxf6 30. Nd7+ Kf7 31. Rf3 1/2-1/2

[Event "Uxbridge Int Alekhine"]
[Site "Denham Grove"]
[Date "2010.02.17"]
[Round "8"]
[White "Brown, Martin"]
[Black "Richter, Hans"]
[Result "1/2-1/2"]
[WhiteElo "2071"]
[BlackElo "2165"]
[PlyCount "69"]
[EventDate "2010.02.13"]
[EventType "tourn"]
[EventRounds "9"]
[EventCountry "ENG"]
[EventCategory "2"]

1. e4 e6 2. d4 d5 3. Nd2 Nf6 4. e5 Nfd7 5. f4 c5 6. c3 Nc6 7. Ndf3 cxd4 8. cxd4
a5 9. Bd3 a4 10. Ne2 Nb6 11. O-O g6 12. Nc3 Bd7 13. Kh1 Nb4 14. Be2 Qc7 15. a3
Nc6 16. Nb5 Qb8 17. f5 gxf5 18. g4 Na5 19. gxf5 Nac4 20. Nc3 Qc7 21. Ng5 h6 22.
fxe6 hxg5 23. exd7+ Qxd7 24. Bg4 Qe7 25. b3 axb3 26. Qxb3 Ra5 27. Rf5 Qe6 28.
Nb5 Qc6 29. a4 Be7 30. h3 Qh6 31. Nc7+ Kd8 32. Rxf7 Kxc7 33. Rxe7+ Kb8 34. Ba3
Qh4 35. Qf3 1/2-1/2